|
|
|
|
| LEADER |
02681nam a22004095i 4500 |
| 001 |
978-3-662-43553-3 |
| 003 |
DE-He213 |
| 005 |
20151204165950.0 |
| 007 |
cr nn 008mamaa |
| 008 |
140925s2015 gw | s |||| 0|eng d |
| 020 |
|
|
|a 9783662435533
|9 978-3-662-43553-3
|
| 024 |
7 |
|
|a 10.1007/978-3-662-43553-3
|2 doi
|
| 040 |
|
|
|d GrThAP
|
| 050 |
|
4 |
|a HF5549-5549.5
|
| 072 |
|
7 |
|a KJMV2
|2 bicssc
|
| 072 |
|
7 |
|a BUS030000
|2 bisacsh
|
| 082 |
0 |
4 |
|a 658.3
|2 23
|
| 245 |
1 |
0 |
|a Dos and Don’ts in Human Resources Management
|h [electronic resource] :
|b A Practical Guide /
|c edited by Matthias Zeuch.
|
| 264 |
|
1 |
|a Berlin, Heidelberg :
|b Springer Berlin Heidelberg :
|b Imprint: Springer Gabler,
|c 2015.
|
| 300 |
|
|
|a XXIV, 193 p.
|b online resource.
|
| 336 |
|
|
|a text
|b txt
|2 rdacontent
|
| 337 |
|
|
|a computer
|b c
|2 rdamedia
|
| 338 |
|
|
|a online resource
|b cr
|2 rdacarrier
|
| 347 |
|
|
|a text file
|b PDF
|2 rda
|
| 505 |
0 |
|
|a HR Marketing and Recruiting -- Training and Qualification -- Performance and Talent -- Engagement and Retention -- Compensation and Benefits -- Administration and Payroll -- HR Governance and Compliance -- HR Strategy and Change.
|
| 520 |
|
|
|a With this book, an international group of approximate 50 HR leaders, professors and senior consultants compiled their knowledge and experience in an easy-to-navigate format to allow busy HR executives finding exactly the advice they need. Re-inventing the wheel – unfortunately – still is a common practice in Human Resources Management. Traditional literature on HR fails to provide advice based on current, real-life experience and online forums lack a logical structure. Hence, there is a clear need for a resource with practical, structured and experience-based advice on Human Resources Management. The book also provides readers from other functional areas and job starters a realistic insight into today's HR management – be it as a personal career orientation or as a way to enrich their overall management knowledge. The editor Matthias Zeuch, the editor-in-chief, has 25 years of experience in HR. Throughout his career, he was responsible for HR management in a total of 40 countries in Europe, North America and Asia/Pacific.
|
| 650 |
|
0 |
|a Business.
|
| 650 |
|
0 |
|a Personnel management.
|
| 650 |
1 |
4 |
|a Business and Management.
|
| 650 |
2 |
4 |
|a Human Resource Management.
|
| 700 |
1 |
|
|a Zeuch, Matthias.
|e editor.
|
| 710 |
2 |
|
|a SpringerLink (Online service)
|
| 773 |
0 |
|
|t Springer eBooks
|
| 776 |
0 |
8 |
|i Printed edition:
|z 9783662435526
|
| 856 |
4 |
0 |
|u http://dx.doi.org/10.1007/978-3-662-43553-3
|z Full Text via HEAL-Link
|
| 912 |
|
|
|a ZDB-2-SBE
|
| 950 |
|
|
|a Business and Economics (Springer-11643)
|